000 00673nam a22001937a 4500
999 _c18944
_d18944
003 AR-CdUCM
008 190515b ||||| |||| 00| 0 spa d
040 _aMUNICIPALIDAD PROVINCIAL DEL CUSCO
_cBIBLIOTECA MUNICIPAL DEL CUSCO
082 _a658.3 /
_bM26
100 _aMaristany, Jaime
_939876
245 _aEmpleo y desarrollo de personal /
260 _aBuenos Aires :
_bCentro regional de ayuda técnica
_c1972.
300 _a277 paginas ;
_c23 cm.
505 _aContenido :Empleo --Iniciación del proceso -- Medios de contacto --Medios de seleccion ...
650 _aPersonal
_939877
650 _aEmpleo
_95099
942 _2ddc
_cLIBROS
945 _arjall
_d2018-05-15